Georg Brandes : aristocratic radical /

Bibliographic Details
Main Author: Asmundsson, Doris R.
Format: Book
Language:English
Published: New York : New York University Press ; 1981.
Series:Imprint series. UMI monographs
Subjects:

MARC

Tag First Indicator Second Indicator Subfields
LEADER 00000cam a2200000 a 4500
001 in00000097127
005 20150924085026.0
008 820302s1981 nyuc b 00110beng
010 |a  81003324  
020 |a 0814705804 
035 |a (OCoLC)08206398 
035 |9 AAK9001AM 
040 |a WAU  |c WAU  |d OCL  |d TXA  |d UtOrBLW 
043 |a e-dk--- 
049 |a TXAM  |c [1482193] 
050 0 |a PT8125 B8  |b  Z614 
100 1 |a Asmundsson, Doris R. 
245 1 0 |a Georg Brandes :  |b aristocratic radical /  |c Doris R. Asmundsson. 
264 1 |a New York :  |b New York University Press ;  |c 1981. 
264 2 |a Ann Arbor, Mich. :  |b  Distributed by University Microfilms International, 
300 |a 412 pages :  |b portrait ;  |c 26 cm. 
336 |a text  |b txt  |2 rdacontent 
337 |a unmediated  |b n  |2 rdamedia 
338 |a volume  |b nc  |2 rdacarrier 
490 0 |a Imprint series. UMI monographs 
500 |a Includes index. 
504 |a Bibliography: pages 405-408. 
600 1 0 |a Brandes, Georg,  |d 1842-1927. 
650 0 |a Authors, Danish  |y 19th century  |v Biography. 
650 0 |a Authors, Danish  |y 20th century  |v Biography. 
650 0 |a Critics  |z Denmark  |x Biography. 
999 |a MARS 
999 f f |s 4c2a254f-2498-3e98-9782-aa7d86da5281  |i 0ad9f956-3e3d-381d-a39d-c44516f25f60  |t 0 
952 f f |p normal  |a Texas A&M University  |b College Station  |c Sterling C. Evans Library  |d Evans: Library Stacks  |t 0  |e PT8125 B8 Z614  |h Library of Congress classification  |i unmediated -- volume  |m A14806025712 
998 f f |a PT8125 B8 Z614  |t 0  |l Evans: Library Stacks